01199nam a22003135a 4500001001000000003000400010005001700014008004100031020001800072040003600090082002200126245007600148250004300224260005100267300003300318490002800351500002400379504004100403590001000444650003700454651001000491653002400501653002500525700002500550942000800575999001700583952014200600952014300742016535923OSt20201128023940.0150114t2014 enka frb 001 0 eng d a9781292021911 aStDuBDSbengcStDuBDSdEG-ScBUE04a658.1554222bCOS00aCost-benefit analysis :bconcepts and practice /cBoardman ... [et al.] a4th ed., Pearson new international ed. aHarlow :bPearson Education Limited,cc.2014. aii, 500 p. :bill. ;c28 cm.0 aPearson custom library. aIndex : p. 493-500. aIncludes bibliographical references. aSameh 7aCost effectiveness.2BUEsh92153 2BUEsh bBUSADMcOctober2016 bBUSECOcDecember20161 aBoardman, Anthony E. 2ddc c22861d22833 00102ddc40708BaccahaMAINbMAINc1STd2016-10-25ePurchaseg459.00h3656l0o658.1554 COSp000034312r2025-07-15 00:00:00v574.00yBB 00102ddc40708BaccahaMAINbMAINc1STd2016-12-04ePurchaseg459.00h25140l0o658.1554 COSp000040261r2025-07-15 00:00:00v573.75yBB